000 00521nam a2200217Ia 4500
003 OSt
005 20220928141834.0
006 a|||||r|||| 00| 0
007 ta
008 220927b |||||||| |||| 00| 0 eng d
024 _a18017
037 _cTextual
040 _aSDCL
_cSDCL
_beng
041 _2eng
_aeng
082 _aP15,35k, G6
100 _aBhattamalla
_9502448
245 0 _aAkhyata chandrika.
260 _c1936
942 _hP15,35k, G6
_cTEXL
_2CC
999 _c820291
_d820291